Proyecto de informe final /

Guardado en:
Otros Autores: Unesco
Formato: Libro
Publicado: Santiago, Chile : Unesco, 1993
Materias:
Etiquetas: Agregar Etiqueta
Sin Etiquetas, Sea el primero en etiquetar este registro!
LEADER 00897nam a22002175a 4500
001 CEM.cems007404
005 20060214000000.0
008 130507s1993##################000#0#####d
003 CEMS
082 0 4 |a 370.980 
245 0 0 |a Proyecto de informe final / 
260 |a Santiago, Chile :  |b Unesco,  |c 1993 
300 |a 44 p. 
505 0 |a Contenido: Balance global del bienio. Orientaciónes y prioridades de cooperaci¢n. Desaf¡os de la educaci¢n: respuestas instituciónales y pedag¢gicas. Recomendaci¢n relativa a la ejecuci¢n del Proyecto Principal de Educaci¢n en Am'rica Latina y el Caribe en el per¡odo 1993-1996. Declaraci¢n de Santiago.- 
653 |a America latina-educacion 
653 |a Chile 
653 |a Educacion 
653 |a Profesionalizacion de la enseñ 
653 |a Proyecto principal 
700 1 |a Unesco 
859 |a CEMS  |b BIB. CEMS - 11 de abril  |h 370.980  |i R318/1993  |p 71.99  |t Ej.1